000 01043nam a2200277 i 4500
001 bg
100 1 _aGUZOWSKI, Stanisław
245 1 0 _aAnaliza zużycia frettingowego w połączeniach wciskowych na przykładzie osi zestawów kołowych pojazdów szynowych /
_cStanisław Guzowski.
260 _aKraków :
_bPK,
_c2003.
300 _a193 s. :
_bil. ;
_c24 cm.
490 1 _aMonografia / Politechnika Krakowska im. Tadeusza Kościuszki. Mechanika
500 _aISSN i nr serii gł.: 0860-097X ; 284. - Streszcz. ang., ros.
504 _aBibliogr.
650 9 _aPojazdy szynowe
_xbadanie
650 9 _aPojazdy szynowe
_xeksploatacja
650 9 _aPołączenia konstrukcyjne
_xbadanie
650 9 _aPowierzchnia
_xbadanie
650 9 _aTarcie
_xzagadnienia
650 9 _aTrybologia
_xzagadnienia
830 0 _aMonografia (Politechnika Krakowska im. Tadeusza Kościuszki).
_pMechanika
040 _cBPK
041 0 _apol
_bengrus
080 _a629.4:621.82/.89:620.1:531.4
942 _cKS
008 s pl f |000 0 pol
999 _c43262
_d43262
856 _uhttp://koha.tu.koszalin.pl/cgi-bin/koha/opac-detail.pl?biblionumber=43262
_yKatalog online BPK